Ciclo de conferencias en torno a Oscar Wilde / (Record no. 180879)

MARC details
000 -LEADER
campo de control de longitud fija 01577nam a2200289 i 4500
001 - NÚMERO DE CONTROL
campo de control 180879
003 - IDENTIFICADOR DE NÚMERO DE CONTROL
campo de control ES-MaACL
005 - FECHA Y HORA DE LA ÚLTIMA TRANSACCIÓN
campo de control 20250630161613.0
008 - DATOS DE LONGITUD FIJA--INFORMACIÓN GENERAL
campo de control de longitud fija 120802s2001 sp ac |||| |bspa d
020 ## - NÚMERO INTERNACIONAL ESTÁNDAR DEL LIBRO
Número Internacional Estándar del Libro 84-451-2141-3
080 ## - NÚMERO DE LA CLASIFICACIÓN DECIMAL UNIVERSAL
Número de la Clasificación Decimal Universal 929Wilde, Oscar
080 ## - NÚMERO DE LA CLASIFICACIÓN DECIMAL UNIVERSAL
Número de la Clasificación Decimal Universal 821.111(417) Wilde, Oscar 1.07
245 00 - MENCIÓN DEL TÍTULO
Título Ciclo de conferencias en torno a Oscar Wilde /
Mención de responsabilidad, etc. coordinadores, Mauro Armiño y Andrés Peláez.
260 ## - PUBLICACIÓN, DISTRIBUCIÓN, ETC.
Lugar de publicación, distribución, etc. Madrid :
Nombre del editor, distribuidor, etc. Consejería de Educación,
Fecha de publicación, distribución, etc. 2001.
300 ## - DESCRIPCIÓN FÍSICA
Extensión 129 p. :
Otras características físicas il. ;
Dimensiones 24 cm.
504 ## - NOTA DE BIBLIOGRAFÍA, ETC.
Nota de bibliografía, etc. Referencias bibliográficas.
505 8# - NOTA DE CONTENIDO CON FORMATO
Nota de contenido con formato Contiene: ;
Título En torno a Salomé /
Mención de responsabilidad Nuria Espert, Mario Gas y Terenci Moix. --
Título Wilde total /
Mención de responsabilidad Luis Antonio de Villena. --
Título Salomé, el concepto de la mujer fatal en la pintura española de fin de siglo /
Mención de responsabilidad Benito Navarrete Prieto. --
Título Oscar Wilde en España, en el cambio de siglo /
Mención de responsabilidad Jesús Rubio Jiménez. --
Título El teatro de Oscar Wilde en España: 1940-1990 /
Mención de responsabilidad Andrés Peláez. --
Título Un final para Oscar Wilde: proceso, cárcel y balada /
Mención de responsabilidad Mauro Armiño
530 ## - NOTA DISPONIBLE DE FORMULARIO FÍSICO ADICIONAL
Nota de formato físico adicional disponible Disponible: versión digital en la Biblioteca Virtual de la Consejería de Educación.
600 14 - PUNTO DE ACCESO ADICIONAL DE MATERIA--NOMBRE DE PERSONA
Nombre de persona Wilde, Oscar,
Fechas asociadas al nombre 1854-1900
9 (RLIN) 241147
600 04 - PUNTO DE ACCESO ADICIONAL DE MATERIA--NOMBRE DE PERSONA
Nombre de persona Salomé (Personaje bíblico)-
Subdivisión general En la literatura.
9 (RLIN) 151230
700 0# - ENTRADA AGREGADA--NOMBRE PERSONAL
Nombre de persona Armiño, Mauro,
Fechas asociadas al nombre 1944-
9 (RLIN) 22987
700 1# - ENTRADA AGREGADA--NOMBRE PERSONAL
Nombre de persona Peláez, Andrés,
Fechas asociadas al nombre 1968-
9 (RLIN) 173171
710 1# - ENTRADA AGREGADA--NOMBRE DE ENTIDAD CORPORATIVA
Nombre de entidad corporativa o nombre de jurisdicción como elemento de entrada Madrid (Comunidad Autónoma).
Unidad subordinada Consejería de Educación.
9 (RLIN) 5600
852 ## - LOCALIZACIÓN
Ubicación ES-MaACL
Número de control de estantería A-12160
itemnumber 187756
Sublocalización o colección R.148558
Ubicación en estantería Depósito 1
Signatura antigua Olim: N-5165
942 ## - ELEMENTOS DE ENTRADA SECUNDARIOS (KOHA)
Fuente del sistema de clasificación o colocación Clasificación decimal universal
Tipo de ítem Koha Libro impreso
Holdings
Estatus retirado Estado de pérdida Fuente del sistema de clasificación o colocación Estado de daño No para préstamo Biblioteca de origen Biblioteca actual Ubicación en estantería Fecha de adquisición Fuente de adquisición Total de préstamos Signatura topográfica completa Código de barras Visto por última vez Precio de reemplazo Tipo de ítem Koha
    Clasificación decimal universal     Biblioteca del Ateneo de Madrid Biblioteca del Ateneo de Madrid Depósito 1 02/08/2012 Compra   A-12160 1190071 23/02/2023 23/02/2023 Libro impreso